00318nam a22001457a 450000500170000000800410001702000220005804100080008008200100008810000200009824500220011826000090014030000080014965000150015720160627105449.0160627b xxu||||| |||| 00| 0 eng d a978-0-099-51387-2 aeng b10412 aWod house, P.G. aThe Heart of Goof bRupa a248 aManagement